Биофизика: пер. с англ.

গ্রন্থ-পঞ্জীর বিবরন
প্রধান লেখক: Аккерман Ю. Юджин
অন্যান্য লেখক: Лукьянов С. Ю. (редактор)
ভাষা:রুশ
প্রকাশিত: Москва, Мир, 1964
বিষয়গুলি:
বিন্যাস: গ্রন্থ
KOHA link:https://koha.lib.tpu.ru/cgi-bin/koha/opac-detail.pl?biblionumber=348603

MARC

LEADER 00000nam0a2200000 4500
001 348603
005 20231102010126.0
035 |a (RuTPU)RU\TPU\retro\329 
090 |a 348603 
100 |a 20180301d1964 km y0rusy50 ca 
101 1 |a rus  |c eng 
102 |a RU 
105 |a a z 001zy 
200 1 |a Биофизика  |e пер. с англ.  |f Ю. Аккерман  |g под ред. С. Ю. Лукьянова 
210 |a Москва  |c Мир  |d 1964 
215 |a 683 с.  |c ил. 
320 |a Библиогр.: с. 667-668 
320 |a Предметный указатель: с. 669-676 
320 |a Библиография в конце глав 
606 1 |a Биофизика  |2 stltpush  |3 (RuTPU)RU\TPU\subj\70413  |9 84680 
610 1 |a сенсорные системы 
610 1 |a нервы 
610 1 |a мышцы 
610 1 |a физическая микробиология 
610 1 |a ультразвук 
610 1 |a резонанс 
610 1 |a вирусы 
610 1 |a молекулярная биология 
610 1 |a термодинамика 
610 1 |a оборудование 
675 |a 577.3  |v 4 
700 1 |a Аккерман  |b Ю.  |g Юджин 
702 1 |a Лукьянов  |b С. Ю.  |4 340 
801 1 |a RU  |b 63413507  |c 20180301 
801 2 |a RU  |b 63413507  |c 20180411  |g RCR 
942 |c BK